Untersuchungen zu den späten Totenbuch-Handschriften auf Mumienbinden /

محفوظ في:

المؤلف الرئيسي: Kockelmann, Holger.

التنسيق: كتاب

اللغة: German

منشور في: Wiesbaden : Harrassowitz, 2008.

سلاسل: Studien zum Altägyptischen Totenbuch ; 12.
SAT ; 12.

الموضوعات:

الوسوم: إضافة وسم

لا توجد وسوم, كن أول من يضع وسما على هذه التسجيلة!

رقم الطلب: PJ1555.1 .S8 v.12/1-2

LEADER 01238nam a22002777a 4500
003 OSt
005 20251020124230.0
008 251020t2008 gw a bm 001 0 ger d
020 |a 9783447057462 (set) 
040 |c ARCE Library 
050 1 4 |a PJ1555.1  |b .S8 v.12/1-2 
100 1 |a Kockelmann, Holger. 
245 1 0 |a Untersuchungen zu den späten Totenbuch-Handschriften auf Mumienbinden /   |c Holger Kockelmann. 
264 1 |a Wiesbaden :   |b Harrassowitz,   |c 2008. 
300 |a 3 v. :   |b ill. ;   |c 30 cm. 
490 0 |a Studien zum Altägyptischen Totenbuch ;   |v 12. 
490 0 |a SAT ;   |v 12. 
500 |a Revised thesis (doctoral) - Rheinische Friedrich-Wilhelms-Universität, Bonn, 2005. 
500 |a Includes 1 p. errata leaf (Volume II) 
504 |a Includes bibliographical references (v. 2, p. [417]-459) and indexes. 
505 0 |a Vol. I.1. Die Mumienbinden und Leinenamulette des memphitischen Priesters Hor ; Text und Photo-Tafeln v. I.2. Die Mumienbinden und Leinenamulette des memphitischen Priesters Hor ; Übersichtsskizzen und Umschrift-Tafeln - v. II. Handbuch zu den Mumienbinden und Leinenamuletten. 
630 0 0 |a Book of the dead. 
650 0 |a Mummies -- Egypt. 
901 |a reviewed 
942 |2 lcc  |c BK 
999 |c 50154  |d 50154